Πολιτική δυνάμεων

Saved in:
Bibliographic Details
Main Author: Wight, Martin
Other Authors: Δρακοπούλου, Νατάσα (trlf), Δρακοπούλου, Ρούλα (trlf)
Format: Book
Language:Greek
English
Published: Αθήνα : Ειρήνη, 1994.
Series:Διεθνής πολιτική (Ειρήνη)
Subjects:
Tags: Add Tag
No Tags, Be the first to tag this record!

MARC

LEADER 00000cam a2200000 i 4500
001 1/40050
008 030908s1994 gr | ||| |||| ||gre||
035 |l 10070736 
040 |a GR-MY-UA  |b gre  |e aacr 
041 1 |a gre  |h eng 
082 7 |a 327   |2 (21) 
100 1 |a Wight, Martin. 
245 1 0 |a Πολιτική δυνάμεων /   |c Martin Wight ; μετάφραση: Νατάσα και Ρούλα Δρακοπούλου.  
260 |a Αθήνα :   |b Ειρήνη,   |c 1994. 
300 |a 284 σ. ;   |c 24 εκ. 
490 1 |a (Διεθνής πολιτική / Ειρήνη) 
504 |a Περιέχει βιβλιογραφία.  
650 0 0 |a International relations. 
650 0 0 |a World politics. 
700 1 |a Δρακοπούλου, Νατάσα,  |e trlf 
700 1 |a Δρακοπούλου, Ρούλα,  |e trlf 
830 0 |a Διεθνής πολιτική (Ειρήνη) 
852 |a INST  |b LESVOS  |e 20030908  |h 327 WIG  |p 005100026836  |q 005100026836  |t BK  |y 0 
901 |a BIBL1-2003-3 
909 |a Λ  |b 105329 
970 |a ΧΡΙΣΤΟΦΑ  |b ΝΙΚΗ  |z 2003/09/08